| 000 | 00429nam a2200181Ia 4500 | ||
|---|---|---|---|
| 005 | 20240823014400.0 | ||
| 008 | 240823s9999||||xx |||||||||||||| ||und|| | ||
| 041 | _aENGLISH | ||
| 082 | _A621.3813 L8 | ||
| 100 | _a"Reich,Herbert J" | ||
| 245 | 0 | _aMicrowave Principles | |
| 250 | _a1st | ||
| 260 |
_c1978 _b"EWp,New Delhi" |
||
| 500 | _aTransfered | ||
| 650 |
_aMicrowave _bInstrumentation |
||
| 942 | _cBK | ||
| 999 |
_c169915 _d169915 |
||